000 00874nas a2200253 a 4500
999 _c345007
_d345007
003 BLK
005 20230404152415.0
008 190915d |||p| |||| 00| c|bul d
010 _a000046
040 _aBLK
041 _aBUL
_cBUL
080 _z008(05)32(05)949.72(05)
245 0 0 _aЖЕРАВНА
_n1
_cурежда К-т
246 _aСписание за култура, стопанство и история
260 _aСофия
_bК-т
_c1941
_fСофия : Книпеграф
_g1941
490 _aЧастна колекция - Академик Михаил Арнаудов
_gДарение - Основен фонд
650 _aИстория
_9400709
650 _aПолитика
_9166818
650 _aКултурология
_9400309
650 4 _aбългарски печат
_9400710
700 1 _aЦонко Цонков
_9400711
852 _aМА 4691
856 _i0.00
_ldisable
942 _cJOU
_n0
_s1
999 _d345007
999 _d345007
999 _d345007